000 00573cam a2200193 4500500
005 20260405001554.0
041 _afre
042 _adc
100 1 0 _aPortevin, Catherine
_eauthor
245 0 0 _aLe capital au XXIe siècle
260 _c2013.
500 _a15
690 _aCapitalisme
690 _aÉconomie
690 _aInégalités
690 _aThomas Piketty
786 0 _nPhilosophie magazine | 72 | 9 | 2013-09-01 | p. 62-62 | 1951-1787
856 4 1 _uhttps://shs.cairn.info/magazine-philosophie-magazine-2013-9-page-62?lang=fr&redirect-ssocas=7080
999 _c2048942
_d2048942